| 000 | 00532nam a22001937a 4500 | ||
|---|---|---|---|
| 999 |
_c92202 _d92202 |
||
| 003 | NALT | ||
| 005 | 20180925151930.0 | ||
| 008 | 170503b xxu||||| |||| 00| 0 eng d | ||
| 040 | _aNALT | ||
| 090 |
_aKD 219.I4.2 _bN65 2003 |
||
| 245 | 0 | 0 | _aNominated members of Rajya Sabha. |
| 260 |
_aNew Delhi : _bRajya Sabha Secretariat, _c2003. |
||
| 300 |
_a32 p. ; _c24 cm. |
||
| 610 | 2 | 0 |
_aIndia. Parliament. _bRajya Sabha _9403 |
| 650 | 0 |
_aPolitical candidates _zIndia _9404 |
|
| 850 | _aNALT | ||
| 942 |
_2local _cLB |
||